00875 a2200145 4500003000500000005001700005040000900022082001700031100004500048245006900093260002600162300001000188505050400198650002700702Nust20221226123725.0 cNust a297.122, SEO aSeoharvi, maulana Muhammad Hifzur Rehman aStories from the Quranc Maulana Muhammad Hifzur Rehman Seoharvi aKarachibDarul Ishaat a666:p aSurah Al Qalam And The Owners Of The Garden (Page-15), A Beliver And Unbeliever (Page-19), People Of A Township (Page-25), Sayyidina Luqman (Page-30), The Sabbath-Breakers (Page-45), The Dwellers Of Ar Rass (Page-67), Bayat Al Maqdis (Page-73), Zulgarnayn (Page-93), Dwellers Of The Cave And The Inscription (Page-177), Saba And Inundation Of Al Aram (Page-201), Ukhdud (Page-227), Sayyidina Isa (Page-274), Sayyidina Muhammad (Page-385), Al Isra (Page-461), Hijran (Page-475), Ghazawat (Page-493).  aStories from the Quran